• 首页
  • 本馆介绍
  • 公告通知
  • 最新文献
  • 馆藏检索
  • 电子资源
  • 读者导购
  • 参考咨询
  • 我的图书馆
  • 登录
  • 详细信息显示
  • 放入我的书架
  • 预约/预借图书
  • 作者相关作品
  • 分类相关作品
  • 丛书相关作品
  • 出版社相关作品

书目信息

  • 表格格式
  • 工作单格式
  • 卡片格式
题名:
天外归来
    
 
作者: 格蕾尼埃 原著 ;万达 改写
分册:  
出版信息: 北京   中国社会出版社  1997
页数: 144页
开本: 19cm
丛书名:
单 册:
中图分类: I565.4 , I565.45
科图分类: 47.1352
主题词: 科学幻想小说--法国--现代
电子资源:
ISBN: 7-80088-856-8
000 00872nam2 2200301 450
001 073000001435
005 20040204165800.0
010    @a7-80088-856-8@dCNY21.20
100    @a20040204d em y0chiy0120 ea
101 1  @achi@cfre
102    @aCN@b110000
105    @ay z 000ay
200 1  @a天外归来@Atian wai gui lai@f(法)克·格蕾尼埃原著@g万达改写
210    @a北京@c中国社会出版社@d1997
215    @a144页@d19cm
300    @a世界文学名著精采故事文库@i科幻故事丛书
410  0 @12001 @a世界文学名著精采故事文库
410  0 @12001 @a科幻故事丛书
606    @a科学幻想小说@y法国@z现代
690    @aI565.4
690    @aI565.45@v3
692    @a47.1352@v2
701  1 @a格蕾尼埃@Age lei ni ai@b克@4原著
702  0 @a万达@Awan da@4改写
801  0 @aCN@bCL@c20020715
801  2 @aCN@bHX@c20040204
905    @aBZT@dI565.4@e729
906    @dCNY21.20@n0@r1
    
    天外归来/(法)克·格蕾尼埃原著/万达改写.-北京:中国社会出版社,1997
    144页;19cm
    世界文学名著精采故事文库
    
    ISBN 7-80088-856-8:CNY21.20
    
●
相关链接 在五车中查询图书 在当当中查询图书 在豆瓣中查询图书


正题名:天外归来     索取号:I565.4/729         预约/预借

序号 登录号 条形码 馆藏地/架位号 状态 备注
1 411926   210420132   中心书库中库/打包BH0154/ [索取号:I565.4/729] 在馆    
2 411927   210420169   中心书库中库/打包BH0154/ [索取号:I565.4/729] 在馆    
3 411928   210420150   中心书库中库/打包BH0154/ [索取号:I565.4/729] 在馆    
4 411929   210420187   中心书库中库/打包BH0154/ [索取号:I565.4/729] 在馆    
5 411930   210420178   中心书库中库/打包BH0154/ [索取号:I565.4/729] 在馆    
6 411931   210420196   中心书库中库/打包BH0154/ [索取号:I565.4/729] 在馆    
7 411932   210420221   中心书库中库/打包BH0154/ [索取号:I565.4/729] 在馆    
8 411933   210420212   中心书库中库/打包BH0154/ [索取号:I565.4/729] 在馆    
9 411934   210420249   中心书库中库/打包BH0154/ [索取号:I565.4/729] 在馆    
10 411935   210420230   中心书库中库/打包BH0154/ [索取号:I565.4/729] 在馆    
山东省滨州职业学院图书馆 欢迎您!
大连网信软件有限公司© 版权所有